[Event "SK Münster 5 - SC Rochade Emsdetten 2"]
[Site "Verbandsliga 2015/2016"]
[Date "2015.12.12"]
[Round "4.1"]
[White "Böhlich, Daniel"]
[Black "Haberkamp, Carl"]
[Result "1/2-1/2"]
[WhiteElo "1895"]
[BlackElo "1907"]
[PlyCount "36"]
[EventDate "2015.??.??"]
[SourceDate "2015.09.20"]

1. d4 Nf6 2. c4 e6 3. Nc3 Bb4 4. e3 O-O 5. Nge2 Re8 6. a3 Bf8 7. Nf4 d6 8. Be2
e5 9. dxe5 dxe5 10. Qxd8 Rxd8 11. Nfd5 Na6 12. Nxf6+ gxf6 13. Nd5 f5 14. b4 Bg7
15. Bb2 Be6 16. O-O-O c6 17. Nc3 Nc7 18. Rxd8+ Rxd8 1/2-1/2

[Event "SK Münster 5 - SC Rochade Emsdetten 2"]
[Site "Verbandsliga 2015/2016"]
[Date "2015.12.12"]
[Round "4.2"]
[White "Austrup, David"]
[Black "Lücke, Thomas"]
[Result "1/2-1/2"]
[WhiteElo "1915"]
[BlackElo "1801"]
[PlyCount "61"]
[EventDate "2015.??.??"]
[SourceDate "2015.09.20"]

1. e4 c6 2. d4 d5 3. exd5 cxd5 4. c4 Nf6 5. Nc3 e6 6. Nf3 Nc6 7. Bf4 Bb4 8. a3
Bxc3+ 9. bxc3 O-O 10. Bd3 b6 11. O-O Bb7 12. Rc1 Rc8 13. cxd5 Nxd5 14. Bg5 Qc7
15. c4 Nf4 16. d5 Nxd3 17. dxc6 Nxc1 18. cxb7 Qxb7 19. Qxc1 Qe4 20. Be7 Rfe8
21. Bb4 Qxc4 22. Qg5 a5 23. Bd6 f6 24. Qg3 e5 25. Nh4 Qe6 26. Qd3 g6 27. Nxg6
hxg6 28. Qxg6+ Kh8 29. Qh6+ Kg8 30. Qg6+ Kh8 31. Qh6+ 1/2-1/2

[Event "SK Münster 5 - SC Rochade Emsdetten 2"]
[Site "Verbandsliga 2015/2016"]
[Date "2015.12.12"]
[Round "4.3"]
[White "Hedwig, Johannes"]
[Black "Hartmann, Steffen"]
[Result "0-1"]
[WhiteElo "1809"]
[BlackElo "1877"]
[PlyCount "58"]
[EventDate "2015.??.??"]
[SourceDate "2015.09.20"]

1. e4 c5 2. Nc3 e6 3. Nge2 Nc6 4. g3 Nf6 5. Bg2 Be7 6. O-O O-O 7. d3 d5 8. exd5
exd5 9. d4 cxd4 10. Nxd4 h6 11. h3 a6 12. Be3 Re8 13. Nde2 Be6 14. Nf4 Qa5 15.
Ncxd5 Bxd5 16. Nxd5 Rad8 17. Nxe7+ Rxe7 18. Qe1 Qf5 19. Qc1 Nb4 20. g4 Qc8 21.
c3 Nd3 22. Qc2 Ne5 23. Bd4 Rxd4 24. f4 Ng6 25. g5 hxg5 26. fxg5 Nh5 27. Qb3 Rf4
28. Rfe1 Qc5+ 29. Kh2 Qxg5 0-1

[Event "SK Münster 5 - SC Rochade Emsdetten 2"]
[Site "Verbandsliga 2015/2016"]
[Date "2015.12.12"]
[Round "4.4"]
[White "Stumpe, Danny"]
[Black "Hemmers, Dieter"]
[Result "1-0"]
[WhiteElo "1708"]
[BlackElo "1799"]
[PlyCount "55"]
[EventDate "2015.??.??"]
[SourceDate "2015.09.20"]

1. e4 c5 2. c3 Nf6 3. e5 Nd5 4. d4 cxd4 5. cxd4 e6 6. Nf3 d6 7. Nc3 dxe5 8.
Nxe5 Nxc3 9. bxc3 Qd5 10. Qb3 Qxb3 11. axb3 a6 12. Bf4 Bd7 13. Nc4 Nc6 14. Nb6
Ra7 15. Be3 Be7 16. d5 exd5 17. Nxd7 Kxd7 18. Bxa7 Nxa7 19. Rd1 Kc6 20. Rd3 Nb5
21. Be2 Bf6 22. Kd2 Nd6 23. Rf1 Re8 24. Bd1 Ne4+ 25. Kc2 Rc8 26. Bf3 Bg5 27. c4
Kb6 28. Rxd5 1-0

[Event "SK Münster 5 - SC Rochade Emsdetten 2"]
[Site "Verbandsliga 2015/2016"]
[Date "2015.12.12"]
[Round "4.5"]
[White "Nöring, Andreas"]
[Black "Sokolowski, Cyril"]
[Result "1/2-1/2"]
[WhiteElo "1833"]
[BlackElo "1725"]
[PlyCount "66"]
[EventDate "2015.??.??"]
[SourceDate "2015.09.20"]

1. e4 d5 2. exd5 Qxd5 3. Nc3 Qd8 4. Nf3 Nf6 5. d4 Bf5 6. Bd3 Bg6 7. Bf4 c6 8.
O-O e6 9. Re1 Be7 10. Qd2 Nbd7 11. Ne4 Nxe4 12. Bxe4 Bxe4 13. Rxe4 Nf6 14. Ree1
Qb6 15. c3 h6 16. Ne5 Rd8 17. Qe2 Nd5 18. Bg3 Nf6 19. Nxf7 Kxf7 20. Qxe6+ Kg6
21. Qxe7 Qxb2 22. Qe3 Qc2 23. Be5 Rhf8 24. Bxf6 Rxf6 25. Qe4+ Qxe4 26. Rxe4 Kf7
27. Rae1 Rd7 28. Re5 Rfd6 29. f4 b5 30. Rc5 a5 31. Rc1 b4 32. Rxa5 bxc3 33.
Rxc3 Rxd4 1/2-1/2

[Event "SK Münster 5 - SC Rochade Emsdetten 2"]
[Site "Verbandsliga 2015/2016"]
[Date "2015.12.12"]
[Round "4.6"]
[White "Hundehege, Tobias"]
[Black "Fehlings, Gerd"]
[Result "0-1"]
[WhiteElo "1753"]
[BlackElo "1735"]
[PlyCount "82"]
[EventDate "2015.??.??"]
[SourceDate "2015.09.20"]

1. e4 e6 2. d4 d5 3. Nd2 c5 4. exd5 Qxd5 5. dxc5 Bxc5 6. Ngf3 Nc6 7. Bc4 Qd6 8.
O-O Nf6 9. Nb3 Qxd1 10. Rxd1 Be7 11. Bb5 Bd7 12. Bg5 Rd8 13. Rd3 Nb4 14. Bxd7+
Rxd7 15. Rxd7 Nxd7 16. c3 Bxg5 17. Nxg5 Nc6 18. Rd1 Nd8 19. g3 f6 20. Ne4 Nf7
21. Nbc5 Nxc5 22. Nxc5 Nd8 23. Rd7 b6 24. Rxg7 bxc5 25. Rxa7 O-O 26. Rc7 Nf7
27. Rxc5 Ne5 28. Ra5 Rd8 29. b3 Rd1+ 30. Kg2 Rd2 31. c4 Ng4 32. Kf3 f5 33. Kg2
Rxf2+ 34. Kg1 Rxh2 35. c5 Rc2 36. b4 e5 37. Ra6 e4 38. c6 e3 39. c7 Kf7 40. Ra7
Kf6 41. Ra8 Rxc7 0-1

[Event "SK Münster 5 - SC Rochade Emsdetten 2"]
[Site "Verbandsliga 2015/2016"]
[Date "2015.12.12"]
[Round "4.7"]
[White "Lachmuth, Matthias"]
[Black "Baumann, Eva"]
[Result "1/2-1/2"]
[WhiteElo "1758"]
[BlackElo "1595"]
[PlyCount "65"]
[EventDate "2015.??.??"]
[SourceDate "2015.09.20"]

1. Nf3 d5 2. b3 Nf6 3. Bb2 Bf5 4. e3 e6 5. d4 Nbd7 6. Bd3 Bg6 7. Bxg6 hxg6 8.
Nbd2 Bd6 9. c4 b6 10. Ne5 c5 11. Ndf3 dxc4 12. Nxc4 Bc7 13. h3 cxd4 14. Nxd4
Nc5 15. O-O O-O 16. Nb5 Qb8 17. Qf3 a6 18. Nxc7 Qxc7 19. Bxf6 gxf6 20. Qxf6
Rfd8 21. Rfd1 Ne4 22. Qe5 Qxe5 23. Nxe5 Nc3 24. Rxd8+ Rxd8 25. Nf3 Rc8 26. Kf1
Ne4 27. Ne1 Rd8 28. f3 Ng3+ 29. Kf2 Nf5 30. Ke2 Ng3+ 31. Kf2 Nf5 32. Ke2 Ng3+
33. Kf2 1/2-1/2

[Event "SK Münster 5 - SC Rochade Emsdetten 2"]
[Site "Verbandsliga 2015/2016"]
[Date "2015.12.12"]
[Round "4.8"]
[White "Sobel, Meinhard"]
[Black "Colmer, Willi"]
[Result "0-1"]
[WhiteElo "1514"]
[BlackElo "1775"]
[PlyCount "104"]
[EventDate "2015.??.??"]
[SourceDate "2015.09.20"]

1. e4 c5 2. Nf3 g6 3. d4 Bg7 4. Be3 cxd4 5. Nxd4 Nf6 6. Nc3 Qa5 7. f3 Nc6 8.
Nb3 Qd8 9. Qd2 d6 10. O-O-O Be6 11. Bh6 Bxh6 12. Qxh6 Rc8 13. Bb5 Qb6 14. Nd4
Bd7 15. Nxc6 bxc6 16. Ba4 Rb8 17. b3 Qc5 18. Kb2 g5 19. h4 Rg8 20. hxg5 Qxg5
21. g4 Rg6 22. Qxg5 Rxg5 23. Rd2 c5 24. Bxd7+ Kxd7 25. Rhd1 Ke6 26. Nd5 h5 27.
Nxf6 Kxf6 28. gxh5 Rxh5 29. Rd5 Rbh8 30. Kc3 Re5 31. Rxe5 Kxe5 32. Rd5+ Ke6 33.
Kc4 Rh4 34. Kb5 Rf4 35. Rd3 f5 36. exf5+ Rxf5 37. a4 c4+ 38. Kxc4 Rc5+ 39. Kb4
a5+ 40. Ka3 Rxc2 41. b4 axb4+ 42. Kxb4 d5 43. Kb5 Kd6 44. a5 Rb2+ 45. Ka6 Rb4
46. Ka7 e5 47. a6 d4 48. Rd1 Kd5 49. Ka8 Rb3 50. Rf1 d3 51. a7 d2 52. f4 exf4
0-1

[Event "SC Falke Saerbeck 1 - SK Bocholt 1"]
[Site "Verbandsliga 2015/2016"]
[Date "2015.12.12"]
[Round "4.1"]
[White "Fuest, Martin"]
[Black "Hegemann, Eike"]
[Result "1-0"]
[WhiteElo "2157"]
[BlackElo "1985"]
[PlyCount "95"]
[EventDate "2015.??.??"]
[SourceDate "2015.09.20"]

1. d4 d5 2. Nf3 Nf6 3. g3 e6 4. Bg2 Be7 5. O-O O-O 6. c4 dxc4 7. Ne5 Nc6 8.
Bxc6 bxc6 9. Nxc6 Qe8 10. Nxe7+ Qxe7 11. Qa4 e5 12. Qxc4 exd4 13. Re1 Rd8 14.
Bg5 Bh3 15. Nd2 Rab8 16. b3 c5 17. Rac1 Qb7 18. f3 Rbc8 19. Bxf6 gxf6 20. Ne4
Qe7 21. Kh1 Be6 22. Qb5 Rd5 23. Qa5 Rh5 24. b4 Bd5 25. Rxc5 Rxc5 26. Qxc5 Qe6
27. Qxd4 Re5 28. Nd2 Bxa2 29. e4 f5 30. f4 Rb5 31. Qd8+ Kg7 32. Qg5+ Kf8 33.
Qd8+ Kg7 34. Qd4+ Kg8 35. Kg1 Qb6 36. Qxb6 axb6 37. Ra1 Be6 38. Rb1 fxe4 39.
Nxe4 Bf5 40. Nd6 Bxb1 41. Nxb5 Kf8 42. Kf2 Ke7 43. Nc3 Bc2 44. Ke3 Ke6 45. g4
f6 46. Kd4 Kd6 47. Nd5 f5 48. Ne3 1-0

[Event "SC Falke Saerbeck 1 - SK Bocholt 1"]
[Site "Verbandsliga 2015/2016"]
[Date "2015.12.12"]
[Round "4.2"]
[White "Fischer, Andreas"]
[Black "Naumann, Felix"]
[Result "0-1"]
[WhiteElo "1952"]
[BlackElo "1805"]
[PlyCount "78"]
[EventDate "2015.??.??"]
[SourceDate "2015.09.20"]

1. e4 c5 2. Nf3 d6 3. d4 cxd4 4. Nxd4 Nf6 5. f3 a6 6. c4 g6 7. Be3 Bg7 8. Nc3
O-O 9. Be2 Nc6 10. Qd2 Bd7 11. O-O Rc8 12. Rac1 Qa5 13. Nxc6 Bxc6 14. Nd5 Qd8
15. Bb6 Qd7 16. Be3 Qd8 17. Bb6 Qd7 18. Nb4 Rfe8 19. Nxc6 bxc6 20. Be3 c5 21.
b3 Qb7 22. Bd3 Ra8 23. e5 dxe5 24. Bxc5 e4 25. fxe4 Nxe4 26. Bxe4 Qxe4 27. Rce1
Qb7 28. Rd1 Qc7 29. Qf2 e5 30. Rd5 f5 31. Bb6 Qb7 32. Rfd1 Re6 33. Bc5 Rae8 34.
Rd8 e4 35. R1d7 Qc6 36. Bd4 Bf8 37. Qh4 h5 38. Qg3 e3 39. Rc7 Qe4 0-1

[Event "SC Falke Saerbeck 1 - SK Bocholt 1"]
[Site "Verbandsliga 2015/2016"]
[Date "2015.12.12"]
[Round "4.3"]
[White "Hunhoff, Sebastian"]
[Black "Hoge, Reinhard"]
[Result "1-0"]
[WhiteElo "1894"]
[BlackElo "1927"]
[PlyCount "77"]
[EventDate "2015.??.??"]
[SourceDate "2015.09.20"]

1. c4 Nf6 2. Nc3 g6 3. e4 d6 4. g3 Bg7 5. Bg2 c5 6. Nge2 Nc6 7. O-O O-O 8. h3
Bd7 9. d3 Rb8 10. Be3 a6 11. Qd2 b5 12. Rad1 bxc4 13. dxc4 Ne5 14. b3 Bxh3 15.
Bh6 Bxg2 16. Kxg2 Qb6 17. Rh1 Bxh6 18. Qxh6 Neg4 19. Qg5 h6 20. Rxh6 Nxh6 21.
Qxh6 Ng4 22. Qh4 Kg7 23. Qxg4 Qb7 24. Nf4 Rh8 25. Ncd5 Rh6 26. Rh1 Rxh1 27.
Kxh1 Rh8+ 28. Kg2 e6 29. Nc3 Qb4 30. Qf3 Qa3 31. Qd1 Qb2 32. Nfe2 Rd8 33. Qc1
Qxc1 34. Nxc1 Kf6 35. Nd3 Ke7 36. f4 f6 37. Kf3 Rh8 38. e5 fxe5 39. fxe5 1-0

[Event "SC Falke Saerbeck 1 - SK Bocholt 1"]
[Site "Verbandsliga 2015/2016"]
[Date "2015.12.12"]
[Round "4.4"]
[White "Kipp, Lucas"]
[Black "Robeling, Stephan"]
[Result "1-0"]
[WhiteElo "1869"]
[BlackElo "1869"]
[PlyCount "79"]
[EventDate "2015.??.??"]
[SourceDate "2015.09.20"]

1. e4 e6 2. d4 d5 3. e5 c5 4. c3 Nc6 5. Nf3 Bd7 6. Be2 cxd4 7. cxd4 Qb6 8. a3
Nge7 9. Nc3 Nf5 10. Na4 Qd8 11. h4 a6 12. g4 Nfe7 13. h5 Nc8 14. Bd3 b5 15. Nc3
b4 16. axb4 Nxb4 17. Bb1 Na7 18. Ng5 h6 19. Nh7 Qb6 20. Nxf8 Rxf8 21. Rh3 Nb5
22. Nxb5 Bxb5 23. Rb3 Nc6 24. Bd3 Rc8 25. Be3 Ke7 26. g5 Rfd8 27. gxh6 gxh6 28.
Qf3 Rg8 29. Qf6+ Ke8 30. Bg6 Nd8 31. Bxh6 fxg6 32. Bg5 Qb7 33. Rxa6 Qf7 34.
Rxb5 Qxf6 35. Bxf6 gxh5 36. Bxd8 Kxd8 37. Rxe6 Rc2 38. Rxd5+ Kc7 39. Rc5+ Rxc5
40. dxc5 1-0

[Event "SC Falke Saerbeck 1 - SK Bocholt 1"]
[Site "Verbandsliga 2015/2016"]
[Date "2015.12.12"]
[Round "4.5"]
[White "Hunhoff, Andreas"]
[Black "Lutterbey, Ralf"]
[Result "1/2-1/2"]
[WhiteElo "1848"]
[BlackElo "1882"]
[PlyCount "34"]
[EventDate "2015.??.??"]
[SourceDate "2015.09.20"]

1. f4 d5 2. Nf3 c5 3. e3 Nc6 4. b3 Nf6 5. Bb2 e6 6. Be2 Be7 7. h3 Ne4 8. O-O
O-O 9. Kh2 f5 10. d3 Bf6 11. Ne5 Nd6 12. Nxc6 bxc6 13. Bxf6 Qxf6 14. Nd2 Bd7
15. Nf3 Nf7 16. Qd2 a5 17. d4 cxd4 1/2-1/2

[Event "SC Falke Saerbeck 1 - SK Bocholt 1"]
[Site "Verbandsliga 2015/2016"]
[Date "2015.12.12"]
[Round "4.6"]
[White "Schröter, Manfred"]
[Black "Wüstnienhaus, Andreas"]
[Result "1-0"]
[WhiteElo "1844"]
[BlackElo "1912"]
[PlyCount "63"]
[EventDate "2015.??.??"]
[SourceDate "2015.09.20"]

1. e4 c6 2. d4 d5 3. exd5 cxd5 4. c4 Nf6 5. Nc3 e6 6. Nf3 Nc6 7. Bg5 Be7 8. Bd3
dxc4 9. Bxc4 O-O 10. O-O a6 11. Re1 b5 12. Bb3 Bb7 13. Ne2 Na5 14. Ne5 Nxb3 15.
Qxb3 Nd5 16. Bxe7 Qxe7 17. a3 Rac8 18. Rac1 Rfd8 19. Qg3 Qe8 20. Rc5 Nb6 21.
Ng4 Qe7 22. Rh5 Be4 23. h4 Bg6 24. Rg5 f6 25. Rc5 Rxc5 26. dxc5 Qxc5 27. Nf4 e5
28. Ne6 Qd5 29. Nxd8 Qxd8 30. Ne3 Bd3 31. Rd1 Qd7 32. Ng4 1-0

[Event "SC Falke Saerbeck 1 - SK Bocholt 1"]
[Site "Verbandsliga 2015/2016"]
[Date "2015.12.12"]
[Round "4.7"]
[White "Tepasse, Wilhelm"]
[Black "Bartsch, Rainer"]
[Result "1/2-1/2"]
[WhiteElo "1792"]
[BlackElo "1787"]
[PlyCount "91"]
[EventDate "2015.??.??"]
[SourceDate "2015.09.20"]

1. c4 e5 2. Nc3 Nf6 3. Nf3 Nc6 4. d3 b6 5. g3 Bb7 6. Bg2 d6 7. O-O h6 8. Nd2
Qd7 9. b4 Be7 10. Bb2 O-O 11. a4 Rab8 12. b5 Na5 13. e4 c5 14. Nd5 Nxd5 15.
exd5 Bc8 16. Bc3 Nb7 17. Qe2 f5 18. f4 exf4 19. gxf4 Bf6 20. Bxf6 Rxf6 21. Rae1
Qf7 22. Qe8+ Qxe8 23. Rxe8+ Rf8 24. Re7 Rf7 25. Re8+ Rf8 26. Rfe1 Bd7 27. Rxb8
Rxb8 28. Bh3 Kf7 29. Kf2 Re8 30. Rg1 Rg8 31. Nb3 g5 32. Ra1 g4 33. Bf1 Na5 34.
Nd2 Re8 35. Rb1 h5 36. Nb3 Nxb3 37. Rxb3 Rb8 38. Ra3 h4 39. a5 Ke7 40. axb6
axb6 41. Ra7 Kd8 42. Ke3 Kc8 43. d4 Rb7 44. Ra6 h3 45. Ra8+ Rb8 46. Rxb8+
1/2-1/2

[Event "SC Falke Saerbeck 1 - SK Bocholt 1"]
[Site "Verbandsliga 2015/2016"]
[Date "2015.12.12"]
[Round "4.8"]
[White "Löckener, Thomas"]
[Black "Gajic, Goran"]
[Result "0-1"]
[WhiteElo "1673"]
[BlackElo "1945"]
[PlyCount "60"]
[EventDate "2015.??.??"]
[SourceDate "2015.09.20"]

1. c4 Nf6 2. Nf3 e6 3. g3 b6 4. Bg2 Bb7 5. O-O c5 6. b3 Be7 7. Bb2 O-O 8. Nc3
d5 9. e3 dxc4 10. bxc4 Nbd7 11. d4 cxd4 12. exd4 Rc8 13. Ne5 Bxg2 14. Kxg2 Nxe5
15. dxe5 Nd7 16. Nb5 Rxc4 17. Qe2 Qa8+ 18. f3 Rfc8 19. Rac1 Rxc1 20. Rxc1 Rxc1
21. Bxc1 Qc6 22. Bb2 a6 23. Nd4 Qa4 24. Ba1 Bc5 25. Nb3 h6 26. Kh3 Qc6 27. Nd2
Qd5 28. Ne4 Nxe5 29. Nxc5 Nxf3 30. Qb2 Ng1+ 0-1

[Event "SV Heiden 1 - SF Beelen 1"]
[Site "Verbandsliga 2015/2016"]
[Date "2015.12.12"]
[Round "4.1"]
[White "Hofene, Dieter"]
[Black "Berger, Alfred"]
[Result "1-0"]
[WhiteElo "1959"]
[BlackElo "1983"]
[PlyCount "75"]
[EventDate "2015.??.??"]
[SourceDate "2015.09.20"]

1. e4 e6 2. d4 d5 3. Nc3 Nf6 4. Bg5 Be7 5. e5 Nfd7 6. Bxe7 Qxe7 7. Qh5 a6 8.
Nf3 c5 9. dxc5 Nxc5 10. Bd3 Nxd3+ 11. cxd3 Bd7 12. O-O Nc6 13. Rac1 O-O 14. a3
f6 15. exf6 Rxf6 16. Qh4 Qd6 17. d4 Raf8 18. Rcd1 Rg6 19. Ng5 h6 20. Nh3 e5 21.
dxe5 Nxe5 22. f4 Ng4 23. Nxd5 Qc5+ 24. Kh1 Re8 25. Qh5 Qc2 26. f5 Re2 27. fxg6
Re5 28. Qh4 Qxg6 29. Ne7+ Rxe7 30. Qxe7 Bc6 31. Qf8+ Kh7 32. Rd2 Ne3 33. Nf4
Qe4 34. Rg1 Ng4 35. Nh5 Qe5 36. Qxg7+ Qxg7 37. Nxg7 Kxg7 38. Re1 1-0

[Event "SV Heiden 1 - SF Beelen 1"]
[Site "Verbandsliga 2015/2016"]
[Date "2015.12.12"]
[Round "4.2"]
[White "Wienen, Hermann"]
[Black "Cigelski, Rudolf"]
[Result "1-0"]
[WhiteElo "1955"]
[BlackElo "1780"]
[PlyCount "85"]
[EventDate "2015.??.??"]
[SourceDate "2015.09.20"]

1. e4 Nc6 2. Nf3 f5 3. e5 d6 4. Bb5 dxe5 5. Nxe5 Qd5 6. Bxc6+ bxc6 7. Nf3 Qe4+
8. Kf1 Ba6+ 9. d3 c5 10. c4 O-O-O 11. Na3 h6 12. Be3 Qc6 13. Qe2 Bb7 14. Nb5
Kb8 15. Rg1 a6 16. Nc3 e6 17. Ne5 Qe8 18. Re1 g5 19. f4 Bd6 20. Bc1 Nf6 21.
fxg5 Ng4 22. Nxg4 fxg4 23. Qxg4 h5 24. Qh4 Qg6 25. Ne4 Rhf8+ 26. Ke2 Bxh2 27.
Rgf1 Bg3 28. Qxg3 Bxe4 29. Rxf8 Bxd3+ 30. Kd2 Rxf8 31. Qxd3 Qxg5+ 32. Kc2 Rf2+
33. Kb1 Qxg2 34. Rxe6 h4 35. Re8+ Ka7 36. Rh8 Rf1 37. Rh7 Kb6 38. Qb3+ Ka5 39.
Qc3+ Kb6 40. Rh6+ Ka7 41. Qe3 Kb7 42. Rxh4 c6 43. Qb3+ 1-0

[Event "SV Heiden 1 - SF Beelen 1"]
[Site "Verbandsliga 2015/2016"]
[Date "2015.12.12"]
[Round "4.3"]
[White "Hanewinkel, Winfried"]
[Black "Ehrlich, Hans-Georg"]
[Result "1/2-1/2"]
[WhiteElo "1917"]
[BlackElo "1804"]
[PlyCount "22"]
[EventDate "2015.??.??"]
[SourceDate "2015.09.20"]

1. d4 d5 2. c4 c6 3. Nf3 Nf6 4. Nc3 g6 5. e3 Bg7 6. Qb3 e6 7. Bd3 O-O 8. O-O
Nbd7 9. Qc2 Qe7 10. b3 e5 11. cxd5 cxd5 1/2-1/2

[Event "SV Heiden 1 - SF Beelen 1"]
[Site "Verbandsliga 2015/2016"]
[Date "2015.12.12"]
[Round "4.4"]
[White "Sicking, Norbert"]
[Black "Hanewinkel, Martin"]
[Result "1/2-1/2"]
[WhiteElo "1780"]
[BlackElo "1842"]
[PlyCount "37"]
[EventDate "2015.??.??"]
[SourceDate "2015.09.20"]

1. d4 Nf6 2. g3 g6 3. Bg2 Bg7 4. c3 O-O 5. Nf3 d6 6. O-O c6 7. Nbd2 Bg4 8. Qb3
Qc7 9. Re1 Bxf3 10. Bxf3 Nbd7 11. e4 e5 12. Bg2 Rfe8 13. f3 Rad8 14. Nf1 Qb6
15. Bg5 exd4 16. cxd4 h6 17. Be3 c5 18. dxc5 dxc5 19. Qxb6 1/2-1/2

[Event "SV Heiden 1 - SF Beelen 1"]
[Site "Verbandsliga 2015/2016"]
[Date "2015.12.12"]
[Round "4.5"]
[White "Wältermann, Thomas"]
[Black "Vestrick, Frank"]
[Result "0-1"]
[WhiteElo "1777"]
[BlackElo "1763"]
[PlyCount "71"]
[EventDate "2015.??.??"]
[SourceDate "2015.09.20"]

1. e4 g6 2. d4 d6 3. Nf3 Bg7 4. Bd3 Nf6 5. c3 O-O 6. Nbd2 c6 7. Nc4 Nxe4 8.
Bxe4 d5 9. Bd3 dxc4 10. Bxc4 Qc7 11. Be3 Bg4 12. h3 Bf5 13. Qb3 e6 14. O-O-O b5
15. Bd3 Bxd3 16. Rxd3 Nd7 17. Rhd1 Nb6 18. Bg5 a5 19. Bh4 Bh6+ 20. Bg5 Bxg5+
21. Nxg5 Qf4+ 22. Kb1 Qxg5 23. Rg3 Qd5 24. Qc2 Qf5 25. Rdd3 Nd5 26. Rgf3 Qg5
27. Rg3 Qe7 28. Qd2 Kg7 29. h4 Nf6 30. Qg5 Rad8 31. Rde3 Nd5 32. Qe5+ Qf6 33.
h5 Qxe5 34. Rxe5 Nf6 35. hxg6 hxg6 36. Rc5 0-1

[Event "SV Heiden 1 - SF Beelen 1"]
[Site "Verbandsliga 2015/2016"]
[Date "2015.12.12"]
[Round "4.6"]
[White "Wetter, Ralf"]
[Black "Fuisting, Dominik"]
[Result "1-0"]
[WhiteElo "1857"]
[BlackElo "1735"]
[PlyCount "57"]
[EventDate "2015.??.??"]
[SourceDate "2015.09.20"]

1. Nf3 d5 2. d3 c6 3. g3 f5 4. Bg2 Nf6 5. O-O e6 6. Nbd2 Bd6 7. e4 Nbd7 8. exf5
exf5 9. Re1+ Be7 10. Qe2 Nb6 11. b3 Bd7 12. Ba3 Nc8 13. c4 Kf8 14. Bxe7+ Qxe7
15. Ne5 dxc4 16. Ndxc4 g6 17. Qd2 Qg7 18. Qg5 Be8 19. Qd2 Ne7 20. Qb4 b5 21.
Nxc6 Bxc6 22. Bxc6 Rc8 23. Bxb5 Nfd5 24. Qd6 h5 25. Ne5 h4 26. Bc4 hxg3 27.
fxg3 Nb6 28. Nxg6+ Qxg6 29. Qxe7# 1-0

[Event "SV Heiden 1 - SF Beelen 1"]
[Site "Verbandsliga 2015/2016"]
[Date "2015.12.12"]
[Round "4.7"]
[White "Hanewinkel, Christian"]
[Black "Niewerth, Gerd"]
[Result "0-1"]
[WhiteElo "1694"]
[BlackElo "1758"]
[PlyCount "44"]
[EventDate "2015.??.??"]
[SourceDate "2015.09.20"]

1. e4 c6 2. d4 d5 3. f3 e6 4. Nc3 Bb4 5. Nge2 c5 6. Qd3 Nc6 7. exd5 Qxd5 8. Bd2
Bxc3 9. bxc3 cxd4 10. cxd4 Nge7 11. c4 Qd7 12. Qe4 O-O 13. Bc3 b6 14. Nf4 Bb7
15. Bd3 Ng6 16. Nxg6 hxg6 17. Qg4 Rad8 18. Rd1 Nxd4 19. Bxg6 e5 20. Bf5 Qxf5
21. Rxd4 Qb1+ 22. Kf2 Qc2+ 0-1

[Event "SV Heiden 1 - SF Beelen 1"]
[Site "Verbandsliga 2015/2016"]
[Date "2015.12.12"]
[Round "4.8"]
[White "Wienen, Josef"]
[Black "Fartmann, Franz-Josef"]
[Result "0-1"]
[WhiteElo "1635"]
[BlackElo "1701"]
[PlyCount "56"]
[EventDate "2015.??.??"]
[SourceDate "2015.09.20"]

1. c4 Nf6 2. Nc3 g6 3. d4 Bg7 4. Nf3 O-O 5. e4 d6 6. Be2 Nbd7 7. O-O e5 8. d5
Nc5 9. Bg5 h6 10. Bxf6 Qxf6 11. b4 Nd7 12. Rc1 b6 13. Qa4 Qd8 14. Qc2 f5 15.
Bd3 f4 16. Na4 g5 17. h3 h5 18. c5 g4 19. hxg4 hxg4 20. Nh2 Qh4 21. Qd1 f3 22.
Re1 Rf6 23. Re3 Rh6 24. gxf3 Qxh2+ 25. Kf1 g3 26. Qd2 g2+ 27. Ke2 g1=Q 28. Rxg1
Qxg1 0-1

[Event "SK Münster 4 - SF Olfen 1"]
[Site "Verbandsliga 2015/2016"]
[Date "2015.12.12"]
[Round "4.1"]
[White "Koke, Christoph"]
[Black "Schulz, Stefan"]
[Result "1-0"]
[WhiteElo "2070"]
[BlackElo "1921"]
[PlyCount "189"]
[EventDate "2015.??.??"]
[SourceDate "2015.09.20"]

1. d4 Nf6 2. c4 g6 3. g3 c6 4. Nf3 Bg7 5. Bg2 d5 6. b3 O-O 7. O-O Ne4 8. Bb2
Nd7 9. e3 f5 10. cxd5 cxd5 11. Qe2 a6 12. Rc1 Ndf6 13. Ne5 Be6 14. Nc3 Nxc3 15.
Rxc3 Rc8 16. Rxc8 Qxc8 17. Ba3 Re8 18. Rc1 Qb8 19. Qe1 Ne4 20. Nd3 Kf7 21. Qb4
Bf6 22. Nc5 Rc8 23. Qxb7 Qxb7 24. Nxb7 Rxc1+ 25. Bxc1 Bc8 26. Na5 e6 27. Bf1
Ke7 28. Bd3 Kd6 29. f3 Bd8 30. fxe4 fxe4 31. Bxe4 Bxa5 32. Ba3+ Kc6 33. Bd3 Bc3
34. Kf2 e5 35. dxe5 Bxe5 36. Bb4 d4 37. e4 Kb6 38. Bd2 Be6 39. Bf4 Bf6 40. Bd6
a5 41. Bc4 Bg4 42. a4 Kc6 43. Bf4 Bd1 44. e5 Be7 45. Bd2 Bd8 46. Bh6 Be7 47.
Bg7 d3 48. Ke3 Bc2 49. Bxd3 Bxb3 50. Bb5+ Kd5 51. Kf4 Ke6 52. Ke4 Bc5 53. h4
Bf2 54. Kf4 Be1 55. Bf6 Bd2+ 56. Ke4 Bc3 57. g4 Bd5+ 58. Kd3 Bxe5 59. Bd8 Bf3
60. Bxa5 Bxg4 61. Bc6 Bf6 62. Be1 h5 63. Bg3 Bd8 64. Kc4 Be2+ 65. Kc5 Ba5 66.
Be4 Kf6 67. Bf4 Ba6 68. Bg5+ Kg7 69. Bd5 Bc3 70. Kb6 Bd3 71. a5 Bd4+ 72. Kb7
Bf6 73. a6 Bxa6+ 74. Kxa6 Bd4 75. Kb5 Be5 76. Kc6 Bc3 77. Kd6 Bb4+ 78. Ke6 Bc3
79. Ke7 Bd4 80. Ke6 Bc3 81. Be7 Bd4 82. Be4 Bc3 83. Bg5 Bd4 84. Ke7 Bc3 85. Ke8
Bd4 86. Be7 Bf6 87. Bf8+ Kg8 88. Bd5+ Kh7 89. Kf7 Be5 90. Be4 Bd4 91. Bxg6+ Kh8
92. Bxh5 Kh7 93. Bg6+ Kh8 94. h5 Bc5 95. Bg7# 1-0

[Event "SK Münster 4 - SF Olfen 1"]
[Site "Verbandsliga 2015/2016"]
[Date "2015.12.12"]
[Round "4.2"]
[White "Jansen, Dirk"]
[Black "Bösel, Alexander"]
[Result "1/2-1/2"]
[WhiteElo "1924"]
[BlackElo "1961"]
[PlyCount "120"]
[EventDate "2015.??.??"]
[SourceDate "2015.09.20"]

1. c4 e6 2. g3 d5 3. Nf3 Nf6 4. Bg2 c6 5. b3 Nbd7 6. Bb2 b6 7. O-O Ba6 8. d3
Be7 9. Nbd2 O-O 10. Qc2 Rc8 11. Rad1 b5 12. e4 Qa5 13. e5 Ne8 14. Rfe1 bxc4 15.
dxc4 Nb6 16. Bc3 Bb4 17. Bxb4 Qxb4 18. a3 Qe7 19. c5 Nd7 20. b4 Nc7 21. Nd4 Nb5
22. Nxb5 Bxb5 23. a4 Ba6 24. Nb3 Rc7 25. Nd4 Bc4 26. Qc3 a5 27. b5 cxb5 28.
Qxa5 Qxc5 29. Nxb5 Nb6 30. Rc1 Rcc8 31. Bf1 Ra8 32. Qd2 Rxa4 33. Nd6 Rfa8 34.
Qf4 Qc7 35. Rc3 Qe7 36. Nxc4 dxc4 37. Bxc4 Rc8 38. Rec1 Nd5 39. Bxd5 Rxc3 40.
Rxc3 Rxf4 41. Rc8+ Qf8 42. Rxf8+ Kxf8 43. gxf4 exd5 44. f5 Ke7 45. f4 g6 46.
f6+ Ke6 47. h4 h6 48. Kf2 g5 49. fxg5 hxg5 50. hxg5 Kxe5 51. g6 Kxf6 52. gxf7
Kxf7 53. Ke3 Ke6 54. Kd4 Kd6 55. Kd3 Ke5 56. Ke3 d4+ 57. Kd3 Kd5 58. Kd2 Ke4
59. Ke2 d3+ 60. Kd2 Kd4 1/2-1/2

[Event "SK Münster 4 - SF Olfen 1"]
[Site "Verbandsliga 2015/2016"]
[Date "2015.12.12"]
[Round "4.3"]
[White "Beutelhoff, Josef"]
[Black "Wolffgang, Georg"]
[Result "0-1"]
[WhiteElo "2059"]
[BlackElo "1879"]
[PlyCount "116"]
[EventDate "2015.??.??"]
[SourceDate "2015.09.20"]

1. d4 f5 2. c4 Nf6 3. g3 g6 4. Bg2 Bg7 5. Nc3 d6 6. d5 O-O 7. Nh3 e5 8. dxe6 c6
9. Bf4 Bxe6 10. Bxd6 Re8 11. c5 Qa5 12. O-O Na6 13. a3 Nd7 14. b4 Nxb4 15. axb4
Qxb4 16. Rb1 Qxc3 17. Rxb7 Nxc5 18. Rc7 Ne4 19. Bf4 Bd5 20. Be3 a5 21. Nf4 Qe5
22. Rb7 Nc3 23. Qc2 Bxg2 24. Kxg2 Re7 25. Bd4 Qxd4 26. Rxe7 a4 27. e3 Qb4 28.
Re6 c5 29. Qd3 a3 30. Kh3 Qb5 31. Qxb5 Nxb5 32. Rb6 Nc7 33. Rb7 Na6 34. Rxg7+
Kxg7 35. Ra1 Nb4 36. Ne6+ Kf6 37. Nxc5 a2 38. Nb3 Nc2 39. Rc1 Nb4 40. Kg2 Ra3
41. Na1 Rd3 42. Rc4 Nd5 43. Rd4 Rxd4 44. exd4 Ke6 45. Kf3 g5 46. Ke2 g4 47. f4
h5 48. Kd3 h4 49. gxh4 Nxf4+ 50. Kd2 Kd5 51. Nc2 Ke4 52. Kc3 Ne2+ 53. Kb2 Nxd4
54. Ne1 Nf3 55. Ng2 Nxh2 56. h5 Nf3 57. Kxa2 Ng5 58. Kb3 f4 0-1